=LDR 00000nam 2200000 4500 =001 INLIS000000000016568 =005 20130612111839 =008 ***********************************Ind** =035 ##$$a0010-061300000016568 =041 ##$$a Ind =082 ##$$a 345 =090 ##$$a 345, Mul a =100 ##$$a Mulyatno =245 ##$$a Asas-asas hukum pidana, Prof. Mocljotno SH =260 ##$$a 2002 $b Jakarta =300 ##$$a viii, 216 hlm, 20 cm =650 ##$$a Hukum Pidana =850 ##$$a NBPNMAT =990 ##$$a 90263/BPAP-NTB/2014